La madre / (Record no. 104526)

MARC details
000 -LEADER
campo de control de longitud fija 00710nam a2200229 i 4500
001 - NÚMERO DE CONTROL
campo de control 104526
003 - IDENTIFICADOR DE NÚMERO DE CONTROL
campo de control ES-MaACL
005 - FECHA Y HORA DE LA ÚLTIMA TRANSACCIÓN
campo de control 20250824230754.0
007 - CAMPO FIJO DE DESCRIPCIÓN FÍSICA--INFORMACIÓN GENERAL
campo de control de longitud fija t|
008 - DATOS DE LONGITUD FIJA--INFORMACIÓN GENERAL
campo de control de longitud fija 051201s1953 sp ||||1| spa d
100 1# - ENTRADA PRINCIPAL--NOMBRE DE PERSONA
Nombre de persona Mindszenty, József.
9 (RLIN) 81319
245 13 - MENCIÓN DEL TÍTULO
Título La madre /
Mención de responsabilidad, etc. Josef, cardenal Mindszenty ; [traducción de Fray Alfonso López].
260 ## - PUBLICACIÓN, DISTRIBUCIÓN, ETC.
Lugar de publicación, distribución, etc. Madrid :
Nombre del editor, distribuidor, etc. Rialp,
Fecha de publicación, distribución, etc. 1953.
300 ## - DESCRIPCIÓN FÍSICA
Extensión 292 p. ;
Dimensiones 17 cm.
490 1# - MENCIÓN DE SERIE
Mención de serie Patmos. Libros de espiritualidad ;
Designación de volumen o secuencia 23
600 04 - PUNTO DE ACCESO ADICIONAL DE MATERIA--NOMBRE DE PERSONA
Nombre de persona Virgen María
9 (RLIN) 115436
650 #4 - PUNTO DE ACCESO ADICIONAL DE MATERIA--TÉRMINO DE MATERIA
Término de materia o nombre geográfico como elemento de entrada Madres-
Subdivisión general Vida religiosa.
9 (RLIN) 171433
700 1# - ENTRADA AGREGADA--NOMBRE PERSONAL
Nombre de persona López, Alfonso.
9 (RLIN) 73298
830 10 - PUNTO DE ACCESO ADICIONAL DE SERIE-TÍTULO UNIFORME
Título uniforme Patmos (Rialp)
Designación de volumen o secuencia 23
9 (RLIN) 181154
852 ## - LOCALIZACIÓN
Ubicación ES-MaACL
Número de control de estantería C-7416
Holdings
Estatus retirado Estado de pérdida Estado de daño No para préstamo Biblioteca de origen Biblioteca actual Ubicación en estantería Fecha de adquisición Fuente de adquisición Total de préstamos Signatura topográfica completa Código de barras Visto por última vez Precio de reemplazo Tipo de ítem Koha
        Biblioteca del Ateneo de Madrid Biblioteca del Ateneo de Madrid Sala Palomar 17/01/2008     C-7416 1109131 23/02/2023 23/02/2023 Libro impreso